000 00885nam a22002295i 4500
001 154342
003 ES-MaACL
005 20230906205659.0
008 940202s1868 sp |||| | spa d
040 _aAR
_bspa
100 1 _aGodoy Alcántara, José.
_957542
245 1 0 _aHistoria crítica de los falsos Cronicones /
_cpor José Godoy Alcántara ; obra premiada por voto unánime de la Real Academia de la Historia y publicada á sus expensas.
260 _aMadrid :
_bReal Academia de la Historia,
_c1868 (
_fImp. y estereotipia de M. Rivadeneyra)
300 _a343 p. ;
_c22 cm.
597 _aSignaturizado.
597 _aAntep.
597 _aPort. con grab. xil.
651 4 _aEspaña-
_vHistoriografía.
_98377
651 4 _aEspaña-
_xHistoria eclesiástica.
_98368
710 2 _aReal Academia de la Historia (España)
_96309
852 _aES-MaACL
_jF-7111
_z-- Enc. hol.
999 _c154342
_d154342